| 000 | 00652nam a22002057a 4500 | ||
|---|---|---|---|
| 999 |
_c14499 _d14499 |
||
| 003 | AR-CdUCM | ||
| 008 | 190423b ||||| |||| 00| 0 spa d | ||
| 020 | _a978-84-683-1151-7 | ||
| 040 |
_aMUNICIPALIDAD PROVINCIAL DEL CUSCO _cBIBLIOTECA MUNICIPAL DEL CUSCO |
||
| 082 |
_aEP / 376.12 / _bC95 |
||
| 100 |
_aCurto, Rosa M. _924788 |
||
| 245 | _a¡Es fácil! tarjetas / | ||
| 260 |
_aBarcelona : _bEdebe, _c2014. |
||
| 300 |
_a35 páginas : _c24 cm. _bIlustraciones, figuras, personas, animales y cosas. |
||
| 650 |
_aTarjetas _933300 |
||
| 650 |
_aColores _929634 |
||
| 650 |
_aManualidades _915530 |
||
| 942 |
_2ddc _cLIBROS |
||
| 945 |
_arah _d23/04/2019 |
||